Der Richter und die Rechtspflege in der deutschen Vergangenheit
| Main Author: | |
|---|---|
| Contributors: | |
| Format: | Print Book |
| Language: | German |
| Published: |
Leipzig
Diederichs
[ca. 1900]
|
| In: |
Monographien zur deutschen Kulturgeschichte (4)
Year: 1900 |
| Availability in Albert-Krebs Library: | LC.10.006 1997-790 |
| Check availability: | HBZ Gateway |
| Subito Delivery Service: | Order now. |
| Keywords: |
MARC
| LEADER | 00000cam a2200000 c 4500 | ||
|---|---|---|---|
| 001 | 020195397 | ||
| 003 | DE-627 | ||
| 005 | 20260429144611.0 | ||
| 007 | tu | ||
| 008 | 920101s1900 xx ||||| 00| ||ger c | ||
| 035 | |a (DE-627)020195397 | ||
| 035 | |a (DE-576)9020195395 | ||
| 035 | |a (DE-599)GBV020195397 | ||
| 035 | |a (OCoLC)256382008 | ||
| 040 | |a DE-627 |b ger |c DE-627 |e rakwb | ||
| 041 | |a ger | ||
| 044 | |c XA-DXDE | ||
| 084 | |a 2 |2 ssgn | ||
| 084 | |a 2,1 |2 ssgn | ||
| 084 | |a 86.10 |2 bkl | ||
| 084 | |a 86.13 |2 bkl | ||
| 084 | |a 86.09 |2 bkl | ||
| 100 | 1 | |a Heinemann, Franz |d 1870-1957 |0 (DE-588)11665998X |0 (DE-627)078144930 |0 (DE-576)290725496 |4 aut | |
| 109 | |a Heinemann, Franz 1870-1957 | ||
| 245 | 1 | 4 | |a Der Richter und die Rechtspflege in der deutschen Vergangenheit |c Franz Heinemann (die Titelzeichnung ist von J. V. Cissarz) |
| 264 | 1 | |a Leipzig |b Diederichs |c [ca. 1900] | |
| 300 | |a 144 S. |b zahlr. Ill. |c 28 cm | ||
| 336 | |a Text |b txt |2 rdacontent | ||
| 337 | |a ohne Hilfsmittel zu benutzen |b n |2 rdamedia | ||
| 338 | |a Band |b nc |2 rdacarrier | ||
| 361 | 1 | |5 DE-32 |y 1346475644 |s Ku 4° XI - 17 (4) |o Vorbesitz |a Staatliche Kunstsammlungen Weimar |0 (DE-588)2022373-0 |0 (DE-627)102096422 |0 (DE-576)191753025 |f Nummer |f Stempel | |
| 490 | 1 | |a Monographien zur deutschen Kulturgeschichte |v 4 | |
| 500 | |a Im Kolophon: Gedruckt in der Offizin W. Drugulin in Leipzig | ||
| 505 | 8 | |a Mit 159 Abb. und Beil. nach den Orig. aus dem 15. bis 18. Jh. | |
| 546 | |a In Fraktur | ||
| 583 | 1 | |a Archivierung prüfen |c 20220325 |f DE-640 |z 1 |2 pdager | |
| 650 | 4 | |a Strafrechtspflege |x Geschichte <15. - 18. Jahrhundert> |7 (dpeaa)DE-2619 | |
| 650 | 4 | |a Richter |x Geschichte <15. - 18. Jahrhundert> |7 (dpeaa)DE-2619 | |
| 689 | 0 | 0 | |d s |0 (DE-588)4073136-4 |0 (DE-627)106093207 |0 (DE-576)209189509 |a Justiz |2 gnd |
| 689 | 0 | 1 | |d s |0 (DE-588)4048737-4 |0 (DE-627)106189719 |0 (DE-576)20907907X |a Recht |2 gnd |
| 689 | 0 | 2 | |d g |0 (DE-588)4070370-8 |0 (DE-627)104529369 |0 (DE-576)209180447 |a Deutsches Sprachgebiet |2 gnd |
| 689 | 0 | 3 | |a z |2 gnd |a Geschichte |
| 689 | 0 | |5 (DE-627) | |
| 700 | 1 | |a Cissarz, Johann Vincenz |d 1873-1942 |0 (DE-588)134089316 |0 (DE-627)560463308 |0 (DE-576)300304927 |4 oth | |
| 830 | 0 | |a Monographien zur deutschen Kulturgeschichte |v 4 |9 4 |w (DE-627)16742307X |w (DE-576)000220124 |w (DE-600)520135-4 |7 am | |
| 935 | |a mkri | ||
| 936 | b | k | |a 86.10 |j Recht einzelner Länder, Gebiete und Völker |q ARK |0 (DE-627)106422499 |
| 936 | b | k | |a 86.13 |j Gerichtsverfassung |q ARK |0 (DE-627)106411411 |
| 936 | b | k | |a 86.09 |j Rechtsgeschichte |q ARK |0 (DE-627)106413481 |
| 951 | |a BO | ||
| ELC | |b 1 | ||
| LOK | |0 000 xxxxxcx a22 zn 4500 | ||
| LOK | |0 001 4196265278 | ||
| LOK | |0 003 DE-627 | ||
| LOK | |0 004 020195397 | ||
| LOK | |0 005 20221011150701 | ||
| LOK | |0 008 221011||||||||||||||||ger||||||| | ||
| LOK | |0 035 |a (DE-2619)k01919 | ||
| LOK | |0 040 |a DE-2619 |c DE-627 |d DE-2619 | ||
| LOK | |0 092 |o n | ||
| LOK | |0 541 |e Bestand Albert-Krebs-Bibliothek: 1997-790 | ||
| LOK | |0 852 |a DE-2619 | ||
| LOK | |0 852 1 |c LC.10.006 |m p |9 00 | ||
| LOK | |0 935 |a kreb | ||
| LOK | |0 938 |k p | ||
| LOK | |0 939 |a 2022-10-11 |b l01 | ||
| ORI | |a WA-MARC-krimdoka001.raw | ||
